000
00294nam a2200109Ia 4500
008
171211s9999 xx 000 0 und d
245
_a
Sexually Transmitted Infections
245
_c
Nancy Malla
260
_c
2012
650
_x
FITNESS
856
_u
http://down.ebook777.com/061/9789535102588.pdf
999
_c
349095
_d
349095